00687npc a2200181Ia 4500001002200000003001000022008004100032040002500073041000700098100001100105240009600116245009600212250001100308260003800319300001000357500012200367650001600489onu4-936 [d000000861]IT-MiCISF161014s9999||||xx | und|| aIT-MiCISFcIT-MiCISF aen aAA.VV. aOn the Basis of Demographic Data, the Need for Integrated Solutions at the Psychological... 0aOn the Basis of Demographic Data, the Need for Integrated Solutions at the Psychological... a1a ed. a ViennabForum, NGO, Viennac1982 app. 8 aThe International Association of Gerontology's Liaison Committee / anziani, rapporti-intergenerazionali, società /  aterza-età